LDR 01274nam a2200265 i 4500 001 000000366284 003 CaOOAMICUS 005 20260205113618.0 008 260205s2025 be d u000 u ang u 020 $a978-2-503-61248-5 040 $aSeMil$bita 245 04$aThe Werden A glossary /$cedition and commentary by A. N. Doane. 264 1$aTurnhout :$bBrepols,$c2025. 300 $a317 p., [4] p. di tav. :$bfacs. ;$c26 cm 490 1 $aCorpus Christianorum. Continuatio Mediaevalis. Ser. in-4°, Lexica latina Medii Aevi ;$v8 504 $aBibliography, p. [13]-27 650 4$aLingua inglese antica - Dizionari, vocabolari, glossari, etc.$0(OLS)http://semarc/subject/59491 700 1 $aDoane, Alger Nicolaus,$d<1938- >.$0(OLS)http://semarc/name/123716 830 0$aCorpus Christianorum. Continuatio Mediaevalis. Ser. in-4°, Lexica latina Medii Aevi ;$v8.$0(OLS)http://semarc/title/290 850 $aSeMil 852 $aSeMil$W1$xVenegono$y1$mSL2.G CC.CM.LLMA 8$j267036$B257047$CSeMilBibl$Z2$F257047 $81 996 $6020$a978-2-503-61248-5$9(OLS)http://semarc/number/305243 996 $6245$aThe Werden A glossary$9(OLS)http://semarc/title/458048 996 $6264$aTurnhout :$bBrepols$9(OLS)http://semarc/publisher/29626